[Event "European Blitz 2022"]
[Site "Katowice POL"]
[Date "2022.12.16"]
[Round "16.93"]
[White "Fus, Jakub"]
[Black "Panek, Bartosz"]
[Result "1-0"]
[WhiteTitle "FM"]
[BlackTitle "CM"]
[WhiteElo "2405"]
[BlackElo "2152"]
[WhiteFideId "1193023"]
[BlackFideId "1198220"]
[EventDate "2022.12.16"]

1. Nf3 g6 2. g3 Bg7 3. Bg2 Nf6 4. b3 O-O 5. Bb2 d6 6. d4 Nbd7 7. O-O Re8 8. c4
c6 9. Re1 Qc7 10. e4 e5 11. d5 cxd5 12. cxd5 Nc5 13. Nc3 Nh5 14. Rc1 Qd8 15. b4
Na6 16. a3 Nc7 17. Nd2 f5 18. exf5 Nf6 19. fxg6 hxg6 20. Nde4 Bf5 21. Nxf6+ Qxf6
22. Ne4 Bxe4 23. Bxe4 Rac8 24. Qg4 g5 25. Rc2 Qd8 26. Rec1 Rf8 27. Qh5 Rf7 28.
Bg6 Rf6 29. Qh7+ Kf8 30. Be4 Qd7 31. Qh5 Bh6 32. g4 Ke7 33. Bf5 1-0

[Event "European Blitz 2022"]
[Site "Katowice POL"]
[Date "2022.12.16"]
[Round "16.94"]
[White "Kolaric, Spela"]
[Black "Voege, Tobias"]
[Result "0-1"]
[WhiteTitle "WFM"]
[BlackTitle "FM"]
[WhiteElo "2133"]
[BlackElo "2300"]
[WhiteFideId "14607093"]
[BlackFideId "1270513"]
[EventDate "2022.12.16"]

1. e4 c5 2. c3 g6 3. d4 cxd4 4. cxd4 d5 5. e5 Bg7 6. Nc3 Nc6 7. Be2 f6 8. f4 Nh6
9. h4 Nf5 10. Nf3 Ng3 11. Kf2 Nxh1+ 12. Qxh1 Bg4 13. Be3 fxe5 14. fxe5 Qd7 15.
Ke1 O-O 16. Kd2 Bxf3 17. Bxf3 Nxe5 18. dxe5 d4 19. Bd5+ e6 20. Bxd4 exd5 21. g3
Qf5 22. Qxd5+ Kh8 23. Qe4 Rad8 24. Qxf5 Rxf5 25. Kc2 Rxd4 0-1

[Event "European Blitz 2022"]
[Site "Katowice POL"]
[Date "2022.12.16"]
[Round "16.96"]
[White "Bartel, Michal"]
[Black "Krainski, Aleksander"]
[Result "1-0"]
[WhiteTitle "FM"]
[BlackTitle "FM"]
[WhiteElo "2250"]
[BlackElo "2046"]
[WhiteFideId "1119257"]
[BlackFideId "1102400"]
[EventDate "2022.12.16"]

1. e4 e5 2. Nc3 Nf6 3. d4 exd4 4. Qxd4 Nc6 5. Qd3 Bc5 6. Bg5 h6 7. Bh4 d6 8.
O-O-O Be6 9. f4 Bg4 10. Be2 Bxe2 11. Ngxe2 g5 12. fxg5 Ng4 13. Nd5 hxg5 14. Bg3
Nce5 15. Qb3 c6 16. h3 Nf2 17. Bxf2 Bxf2 18. Rhf1 cxd5 19. Rxf2 dxe4 20. Qxb7
O-O 21. Qxe4 Qa5 22. Qd5 Qb6 23. Qd4 Qa5 24. Nc3 Rac8 25. Rf5 f6 26. Qd5+ Qxd5
27. Nxd5 Kg7 28. Rdf1 Rc5 29. Nxf6 Nd3+ 30. Kd2 Rxf5 31. Rxf5 Nxb2 1-0

[Event "European Blitz 2022"]
[Site "Katowice POL"]
[Date "2022.12.16"]
[Round "16.97"]
[White "Adamczewski, Maciej"]
[Black "Czerw, Dawid"]
[Result "1-0"]
[BlackTitle "IM"]
[WhiteElo "2071"]
[BlackElo "2373"]
[WhiteFideId "1148702"]
[BlackFideId "1145746"]
[EventDate "2022.12.16"]

1. d4 Nf6 2. c4 c5 3. d5 b5 4. Qc2 bxc4 5. e4 d6 6. Bxc4 Nbd7 7. Nf3 g6 8. O-O
Bg7 9. Nc3 O-O 10. Re1 Nb6 11. Bb5 Bb7 12. a4 a6 13. Bf1 Nfd7 14. a5 Nc8 15. Bf4
e5 16. dxe6 fxe6 17. Bg3 d5 18. exd5 exd5 19. Qd2 Nf6 20. Ng5 Bh6 21. Bf4 Nh5
22. Be3 d4 23. Bc4+ Kh8 24. Nf7+ Rxf7 25. Bxh6 Rd7 26. Ne4 Nd6 27. Nxd6 Rxd6 28.
Re5 Qh4 29. Rae1 Bc6 30. Rxc5 Qg4 31. Rxc6 Rxc6 32. Bd5 Rcc8 33. h3 Qh4 34. Bg5 1-0

[Event "European Blitz 2022"]
[Site "Katowice POL"]
[Date "2022.12.16"]
[Round "16.98"]
[White "Saraci, Korab"]
[Black "Maslanka, Wojciech"]
[Result "0-1"]
[WhiteElo "2192"]
[BlackElo "2103"]
[WhiteFideId "4701968"]
[BlackFideId "21846960"]
[EventDate "2022.12.16"]

1. e4 c6 2. d4 d5 3. Nd2 dxe4 4. Nxe4 Bf5 5. Ng3 Bg6 6. N1e2 Nf6 7. Nf4 e6 8. c3
Bd6 9. Be2 Qc7 10. Nd3 Nbd7 11. O-O O-O-O 12. Qa4 Kb8 13. c4 c5 14. b4 cxd4 15.
c5 Bxg3 16. hxg3 e5 17. Bf3 Bxd3 18. c6 Nb6 19. Qb3 Bc4 20. Qb2 Bxf1 21. Kxf1
Nbd5 22. cxb7 Qc3 23. Qb1 e4 24. Bb2 Qc4+ 0-1

[Event "European Blitz 2022"]
[Site "Katowice POL"]
[Date "2022.12.16"]
[Round "16.99"]
[White "Kaliszuk, Kamil"]
[Black "Kulon, Klaudia"]
[Result "0-1"]
[BlackTitle "IM"]
[WhiteElo "2103"]
[BlackElo "2274"]
[WhiteFideId "21870160"]
[BlackFideId "1131044"]
[EventDate "2022.12.16"]

1. e4 e5 2. Nf3 Nc6 3. Bc4 Nf6 4. Nc3 Nxe4 5. Nxe4 d5 6. Bd3 dxe4 7. Bxe4 Ne7 8.
d4 f5 9. Nxe5 fxe4 10. Bg5 Qd6 11. O-O g6 12. f3 Bg7 13. fxe4 0-1

[Event "European Blitz 2022"]
[Site "Katowice POL"]
[Date "2022.12.16"]
[Round "16.100"]
[White "Hesse, Henrik"]
[Black "Zamekhovskiy, Yevgen"]
[Result "0-1"]
[WhiteElo "2160"]
[BlackElo "2095"]
[WhiteFideId "12952060"]
[BlackFideId "14174413"]
[EventDate "2022.12.16"]

1. c4 Nf6 2. g3 g6 3. Bg2 Bg7 4. Nc3 O-O 5. e3 d6 6. Nge2 e5 7. d3 c6 8. O-O d5
9. cxd5 cxd5 10. Rb1 Be6 11. b3 Nc6 12. d4 exd4 13. Nxd4 Bg4 14. Nxc6 bxc6 15.
Qe1 Bf5 16. Ra1 Bd3 17. Bb2 Bxf1 18. Qxf1 Re8 19. Rc1 Rc8 20. Qa6 Qb6 21. Qd3
Ne4 22. Na4 Qd8 23. Bxg7 Kxg7 24. Qd4+ Qf6 25. Qxa7 Qxf2+ 26. Kh1 Qd2 27. Rf1
Nf2+ 28. Kg1 Rxe3 29. Rxf2 Qe1+ 30. Rf1 Re7 31. Rxe1 Rxa7 32. Rc1 Rcc7 33. Rc2
Kf6 34. Nc5 Ke5 35. Kf2 Kd4 36. b4 Ra3 37. Nb3+ Ke5 38. Na5 c5 39. Re2+ Kd6 40.
bxc5+ Kxc5 41. Nb3+ Kd6 42. Rd2 Rca7 43. Rxd5+ Ke7 44. Nc1 Rc3 45. Re5+ Kf6 46.
Re1 Rac7 47. Ne2 Rc2 48. a4 Ra7 49. Ra1 Ra5 50. Ke3 Re5+ 51. Kd3 Rcxe2 52. Bf3
R2e3+ 53. Kd4 Rxf3 54. a5 Re8 55. a6 Ra8 56. a7 Rf2 57. Ra6+ Kg7 58. Ke5 Rd2 59.
h4 Rd7 60. g4 Raxa7 0-1

[Event "European Blitz 2022"]
[Site "Katowice POL"]
[Date "2022.12.16"]
[Round "17.1"]
[White "Navara, David"]
[Black "Alonso Rosell, Alvar"]
[Result "1-0"]
[WhiteTitle "GM"]
[BlackTitle "GM"]
[WhiteElo "2684"]
[BlackElo "2561"]
[WhiteFideId "309095"]
[BlackFideId "2270544"]
[EventDate "2022.12.16"]

1. d4 Nf6 2. c4 e6 3. Nc3 Bb4 4. e3 O-O 5. Bd3 d5 6. cxd5 exd5 7. Ne2 Re8 8. O-O
Bd6 9. Bd2 a6 10. Nf4 c6 11. Kh1 Nbd7 12. f3 Nf8 13. e4 dxe4 14. fxe4 Bxf4 15.
Bxf4 Qxd4 16. e5 Rd8 17. exf6 Qxd3 18. Qe1 Qd7 19. fxg7 Ng6 20. Ne4 Qe6 21. Bg5
Rd4 22. Nf6+ Kxg7 23. Qc3 Qe5 24. Rae1 Qxg5 25. Qxd4 Kh6 26. Ng8+ Kh5 27. Qg7 h6
28. Nf6+ Kh4 29. Re4+ 1-0

[Event "European Blitz 2022"]
[Site "Katowice POL"]
[Date "2022.12.16"]
[Round "17.2"]
[White "Piorun, Kacper"]
[Black "Sargsyan, Shant"]
[Result "0-1"]
[WhiteTitle "GM"]
[BlackTitle "GM"]
[WhiteElo "2611"]
[BlackElo "2645"]
[WhiteFideId "1130420"]
[BlackFideId "13306766"]
[EventDate "2022.12.16"]

1. d4 Nf6 2. Bg5 d5 3. Nd2 Bf5 4. e3 e6 5. Ngf3 h6 6. Bf4 Bd6 7. Bxd6 cxd6 8.
Be2 Qb6 9. b3 Nc6 10. O-O O-O 11. c3 Rac8 12. b4 Ne7 13. Qb3 g5 14. Rfc1 Ng6 15.
a4 g4 16. Ne1 h5 17. a5 Qd8 18. b5 Kg7 19. c4 dxc4 20. Nxc4 Ne4 21. Bd3 d5 22.
Bxe4 Bxe4 23. Nd2 Rxc1 24. Rxc1 Qxa5 25. Qb2 Bf5 26. e4 Bxe4 27. Nxe4 dxe4 28.
d5+ e5 29. Rd1 Rc8 30. d6 Rd8 31. Nc2 Kh7 32. Qb3 Kg8 33. Qc4 Qb6 34. d7 Nf8 35.
Ne3 Qe6 36. Nd5 Kg7 37. Qxe4 Rxd7 38. h3 f5 39. Qc4 Ng6 40. hxg4 hxg4 41. Qc5
Nf4 42. Ne3 Rxd1+ 43. Nxd1 b6 44. Qc7+ Kf6 45. Ne3 Ne2+ 46. Kf1 Nd4 47. Qd8+ Kg6
48. g3 f4 49. gxf4 exf4 0-1

[Event "European Blitz 2022"]
[Site "Katowice POL"]
[Date "2022.12.16"]
[Round "17.4"]
[White "Moroni, Luca Jr"]
[Black "Laurusas, Tomas"]
[Result "1-0"]
[WhiteTitle "GM"]
[BlackTitle "GM"]
[WhiteElo "2576"]
[BlackElo "2567"]
[WhiteFideId "865834"]
[BlackFideId "12803731"]
[EventDate "2022.12.16"]

1. d4 d5 2. Nf3 Nf6 3. c3 c5 4. dxc5 a5 5. Be3 e6 6. c4 Na6 7. Nc3 Bxc5 8. Bxc5
Nxc5 9. cxd5 Nxd5 10. Nxd5 Qxd5 11. Qxd5 exd5 12. Rc1 b6 13. e3 Be6 14. Be2 Ke7
15. O-O Rhc8 16. Nd4 Na4 17. Rb1 Rc7 18. Rfd1 Rac8 19. h4 h6 20. g3 Nc5 21. b4
Ne4 22. bxa5 bxa5 23. Rb2 a4 24. Bf3 Nc3 25. Rdd2 Bd7 26. Rdc2 Ne4 27. Rxc7 Rxc7
28. Kg2 Rc3 29. Rb7 Kd8 30. Rb8+ Ke7 31. Rb2 g6 32. h5 g5 33. Rb7 Ra3 34. Rb2 f6
35. Nc2 Rc3 36. Nb4 Be6 37. Be2 a3 38. Rb1 Kd6 39. Rd1 Rc5 40. Bf3 Ke7 41. Rd3
Nc3 42. Kg1 Bf5 43. Rd2 Ke6 44. Kg2 Be4 45. Bxe4 Nxe4 46. Rd3 Rb5 47. Nc2 Rb2
48. Nd4+ Ke5 49. Nf3+ Kd6 50. Nd4 Rxf2+ 51. Kg1 Rxa2 52. Nb5+ Ke5 53. Nc7 Ra1+
54. Kg2 f5 55. Rxd5+ Kf6 56. Ra5 a2 57. Nd5+ Ke6 58. Nb4 Nc3 59. Ra6+ Ke5 60.
Kf2 g4 61. Nd3+ Ke4 62. Nb4 Rb1 63. Re6# 1-0

[Event "European Blitz 2022"]
[Site "Katowice POL"]
[Date "2022.12.16"]
[Round "17.5"]
[White "Kozak, Antoni"]
[Black "Hovhannisyan, Robert"]
[Result "1-0"]
[BlackTitle "GM"]
[WhiteElo "2422"]
[BlackElo "2597"]
[WhiteFideId "21832030"]
[BlackFideId "13302507"]
[EventDate "2022.12.16"]

1. Nf3 d5 2. e3 Nf6 3. c4 c6 4. Nc3 e6 5. d4 Nbd7 6. Be2 b6 7. O-O Bb7 8. b3 Bd6
9. Bb2 O-O 10. Bd3 h6 11. Qe2 Re8 12. Rfd1 Qe7 13. cxd5 exd5 14. Bf5 Nf8 15.
Rac1 Bc8 16. Qc2 Ne4 17. Bxc8 Raxc8 18. Nxe4 dxe4 19. Nd2 Nh7 20. Nf1 Nf6 21.
Qe2 Nd5 22. Bc3 Qd7 23. Be1 Re6 24. Qg4 g6 25. Rc2 h5 26. Qe2 Kg7 27. Rdc1 Ba3
28. Rb1 Bd6 29. Rbc1 Bb8 30. Rc4 b5 31. R4c2 Rh8 32. a4 a6 33. Ra2 h4 34. h3 Rh5
35. axb5 axb5 36. Ra8 Bc7 37. Qg4 Qe7 38. Ba5 Rg5 39. Qe2 Bxa5 40. Rxa5 Rf6 41.
Nh2 Qe6 42. Ng4 Rff5 43. Ra6 Nb4 44. Ra8 Nd3 45. Rca1 Qxb3 46. Rc8 Qc3 47. Raa8
Rxg4 48. hxg4 Rxf2 49. g5 f5 50. Rc7# 1-0

[Event "European Blitz 2022"]
[Site "Katowice POL"]
[Date "2022.12.16"]
[Round "17.6"]
[White "Lagarde, Maxime"]
[Black "Vogel, Roven"]
[Result "1-0"]
[WhiteTitle "GM"]
[BlackTitle "IM"]
[WhiteElo "2584"]
[BlackElo "2463"]
[WhiteFideId "662399"]
[BlackFideId "12908088"]
[EventDate "2022.12.16"]

1. e4 e5 2. Nc3 Nf6 3. f4 d5 4. fxe5 Nxe4 5. Qf3 Nxc3 6. dxc3 Be6 7. Bf4 c5 8.
O-O-O Nc6 9. Bc4 Ne7 10. Bb5+ Bd7 11. Bxd7+ Qxd7 12. Bg3 Qe6 13. Nh3 g5 14. Nxg5
Bh6 15. Bf4 Bxg5 16. Bxg5 O-O-O 17. Rhf1 Rhg8 18. Bxe7 Qxe7 19. Qf5+ Kb8 20. g3
Rg5 21. Qxf7 Rxe5 22. Qxe7 Rxe7 23. Rf5 Red7 24. c4 dxc4 25. Rxd7 Rxd7 26. Rxc5
Rf7 27. Rh5 Rd7 28. Rh4 b5 29. a4 a6 30. axb5 axb5 31. Rh5 Rb7 32. Kd2 Ka7 33.
Kc3 1-0

[Event "European Blitz 2022"]
[Site "Katowice POL"]
[Date "2022.12.16"]
[Round "17.7"]
[White "Ziska, Helgi Dam"]
[Black "Sahidi, Samir"]
[Result "1-0"]
[WhiteTitle "GM"]
[BlackTitle "IM"]
[WhiteElo "2546"]
[BlackElo "2494"]
[WhiteFideId "7200595"]
[BlackFideId "14936372"]
[EventDate "2022.12.16"]

1. e4 c6 2. Nc3 d5 3. Nf3 Bg4 4. h3 Bxf3 5. Qxf3 e6 6. d3 Nd7 7. Be2 Ngf6 8. Qg3
Qb8 9. Bf4 e5 10. Bd2 h5 11. Bg5 Bb4 12. O-O Bxc3 13. bxc3 dxe4 14. Bxf6 Nxf6
15. Qxg7 Ke7 16. Qg5 Qd6 17. f4 exf3 18. Bxf3 Rag8 19. Qh4 Rh6 20. Rae1 Kd7 21.
Be4 Rg7 22. Bf5+ Kc7 23. d4 exd4 24. cxd4 Rh8 25. c4 Rhg8 26. Rf2 Re8 27. Rxe8
Nxe8 28. c5 Qf6 29. Qf4+ Nd6 30. Qxd6+ Qxd6 31. cxd6+ Kxd6 32. Bc2 Kd5 33. Rf4
Ke6 34. Bb3+ Ke7 35. Rf5 Rh7 36. h4 f6 37. Kf2 Rh8 38. g3 b6 39. Bd1 Rd8 40. Ke3
c5 41. d5 Rg8 42. Kf4 c4 43. Rxh5 Kd6 44. Rf5 b5 45. h5 Rh8 46. Rxf6+ Kxd5 47.
Bf3+ Kd4 48. g4 b4 49. g5 Kc3 50. Rc6 a5 51. g6 a4 52. g7 Rb8 53. Bd5 b3 54.
Rxc4+ Kd2 55. axb3 axb3 56. g8=Q 1-0

[Event "European Blitz 2022"]
[Site "Katowice POL"]
[Date "2022.12.16"]
[Round "17.8"]
[White "Dvirnyy, Danyyil"]
[Black "Donchenko, Alexander"]
[Result "0-1"]
[WhiteTitle "GM"]
[BlackTitle "GM"]
[WhiteElo "2530"]
[BlackElo "2636"]
[WhiteFideId "817570"]
[BlackFideId "24603295"]
[EventDate "2022.12.16"]

1. d4 Nf6 2. Nf3 e6 3. e3 c5 4. Bd3 b6 5. O-O Ba6 6. c4 Be7 7. Nc3 O-O 8. d5
exd5 9. cxd5 d6 10. e4 Re8 11. Bf4 Bf8 12. Re1 Bxd3 13. Qxd3 Nbd7 14. h3 a6 15.
a4 g6 16. Rad1 Qb8 17. Nd2 Nh5 18. Bh2 Ne5 19. Qe2 Bh6 20. Bxe5 Rxe5 21. Nc4 Re8
22. e5 dxe5 23. d6 Nf4 24. Qe4 f5 25. Qc6 Rc8 26. Qxa8 Qxa8 27. Nxb6 Qxg2# 0-1

[Event "European Blitz 2022"]
[Site "Katowice POL"]
[Date "2022.12.16"]
[Round "17.9"]
[White "Saraci, Nderim"]
[Black "Pultinevicius, Paulius"]
[Result "0-1"]
[WhiteTitle "IM"]
[BlackTitle "GM"]
[WhiteElo "2468"]
[BlackElo "2561"]
[WhiteFideId "6351921"]
[BlackFideId "12809390"]
[EventDate "2022.12.16"]

1. Nf3 d5 2. b3 c6 3. Bb2 Bf5 4. e3 e6 5. c4 Nf6 6. Nc3 Nbd7 7. d4 Bd6 8. Bd3
Bg6 9. Qc2 Rc8 10. O-O Qe7 11. Bxg6 hxg6 12. e4 Nxe4 13. Nxe4 Bxh2+ 14. Nxh2 Qh4
15. f3 Qxh2+ 16. Kf2 dxe4 17. Rh1 Qxh1 18. Rxh1 Rxh1 19. Qxe4 Nf6 20. Qe5 Kf8
21. Qc5+ Kg8 22. Qxa7 Rb1 23. Ba3 b5 24. Qa6 Rd8 25. d5 exd5 26. Be7 Rb2+ 27.
Kg1 Re8 28. Bxf6 gxf6 29. Qxc6 Ree2 30. Qc8+ Kg7 31. cxb5 Rxg2+ 32. Kh1 Rgc2 33.
Qxc2 Rxc2 34. a4 Rb2 0-1

[Event "European Blitz 2022"]
[Site "Katowice POL"]
[Date "2022.12.16"]
[Round "17.10"]
[White "Seo, Jung Min"]
[Black "Svane, Rasmus"]
[Result "1/2-1/2"]
[WhiteTitle "IM"]
[BlackTitle "GM"]
[WhiteElo "2502"]
[BlackElo "2622"]
[WhiteFideId "1734687"]
[BlackFideId "4657101"]
[EventDate "2022.12.16"]

1. e4 c6 2. Nf3 d5 3. d3 dxe4 4. dxe4 Qxd1+ 5. Kxd1 Nf6 6. Nfd2 g5 7. Be2 h5 8.
a4 Be6 9. f3 h4 10. Bc4 Bxc4 11. Nxc4 Rg8 12. Nc3 g4 13. f4 Na6 14. Be3 Bg7 15.
Ke2 Nd7 16. e5 Nb4 17. Rac1 Nd5 18. Rhd1 N7b6 19. Nxd5 Nxd5 20. Na5 O-O-O 21. g3
hxg3 22. hxg3 Kc7 23. Nc4 b6 24. c3 Rh8 25. Rh1 f6 26. e6 f5 27. Bf2 c5 28. Rcg1
Kc6 29. Rd1 Bf6 30. Rc1 Nc7 31. Ne3 Nxe6 32. Nxf5 Nc7 33. Ne3 Rhg8 34. Rcd1 a6
35. Rh5 Rxd1 36. Kxd1 Ne8 37. Ke2 Nd6 38. Be1 b5 39. axb5+ axb5 40. Nf5 Nc4 41.
b3 Na5 42. b4 cxb4 43. cxb4 Nc4 44. Ne3 Nd6 45. Kd3 Ra8 46. Nxg4 Ra3+ 47. Ke2
Bd4 48. Ne5+ Kc7 49. g4 Re3+ 50. Kf1 Re4 51. Bg3 Bc3 52. Nd3 Re3 53. Rc5+ Kd8
54. Rxc3 Rxg3 55. g5 Ne4 56. Rc2 Rxd3 57. Rg2 Rg3 58. Re2 Nd6 59. Re5 Kd7 60.
Kf2 Rg4 61. Kf3 Rg1 62. Kf2 Rh1 63. g6 Rh8 64. Kf3 e6 65. Rg5 Ke7 66. Ke3 Kf6
67. Kd4 Rg8 68. Rg1 Rb8 69. Kc5 Ne4+ 70. Kc6 Rc8+ 71. Kxb5 Nd6+ 72. Ka4 Ra8+ 73.
Kb3 Rb8 74. Ka4 Ne4 75. g7 Kf7 76. b5 Nc3+ 77. Kb4 Nd5+ 78. Kc5 Rc8+ 79. Kd6
Rd8+ 80. Ke5 Ne7 81. Ke4 Rb8 82. Rg5 Nf5 1/2-1/2

[Event "European Blitz 2022"]
[Site "Katowice POL"]
[Date "2022.12.16"]
[Round "17.11"]
[White "Deac, Bogdan-Daniel"]
[Black "Abdrlauf, Elham"]
[Result "1-0"]
[WhiteTitle "GM"]
[BlackTitle "IM"]
[WhiteElo "2700"]
[BlackElo "2518"]
[WhiteFideId "1226380"]
[BlackFideId "1533533"]
[EventDate "2022.12.16"]

1. Nf3 d5 2. e3 Nf6 3. c4 e6 4. b3 Bd6 5. Bb2 b6 6. g3 Bb7 7. Bg2 O-O 8. O-O
Nbd7 9. cxd5 exd5 10. d4 Qe7 11. Nc3 a6 12. Rc1 Rac8 13. Ne2 c5 14. dxc5 bxc5
15. Qd3 Rfd8 16. Rfd1 h6 17. Nf4 Ne5 18. Nxe5 Bxe5 19. Bxe5 Qxe5 20. Qd2 Qe7 21.
Qa5 Ne4 22. Rc2 Qe5 23. h3 Rd7 24. Rdc1 Rcd8 25. Nd3 Qe7 26. Nxc5 Nxc5 27. Qxc5
Qxc5 28. Rxc5 d4 29. Bxb7 Rxb7 30. Rc8 Rd7 31. Rxd8+ Rxd8 32. Rd1 d3 33. Kf1 Rd5
34. Ke1 g5 35. Kd2 h5 36. g4 hxg4 37. hxg4 Kg7 38. Rc1 Rd6 39. Rc4 Rf6 40. f4
gxf4 41. Rxf4 Rh6 42. Kxd3 Rc6 43. Ra4 Kg6 44. Ra5 f6 45. b4 Rd6+ 46. Ke2 Rc6
47. a3 Rd6 48. Kf3 Re6 49. Kf4 Rc6 50. e4 Re6 51. g5 fxg5+ 52. Rxg5+ Kf6 53.
Rf5+ Kg6 54. Ra5 Kf7 55. Rc5 Kf6 56. e5+ Kf7 57. Kf5 Re7 58. Rc6 Ra7 59. Rh6 Kg7
60. Rg6+ Kf8 61. Rb6 Kf7 62. a4 Ke7 63. Rh6 Kf8 64. a5 Kg7 65. Rb6 Kf7 66. e6+
Ke7 67. Ke5 Ra8 68. Rb7+ Ke8 69. Rh7 Rb8 70. Ke4 1-0

[Event "European Blitz 2022"]
[Site "Katowice POL"]
[Date "2022.12.16"]
[Round "17.12"]
[White "Krzyzanowski, Marcin"]
[Black "Grandelius, Nils"]
[Result "1/2-1/2"]
[WhiteTitle "GM"]
[BlackTitle "GM"]
[WhiteElo "2538"]
[BlackElo "2660"]
[WhiteFideId "1132199"]
[BlackFideId "1710400"]
[EventDate "2022.12.16"]

1. Nf3 d5 2. g3 g6 3. c4 dxc4 4. Qa4+ Nc6 5. Qxc4 Bg7 6. Bg2 e5 7. d3 Nge7 8.
O-O Be6 9. Qa4 O-O 10. Nc3 h6 11. Ne4 b6 12. a3 f5 13. Nc3 Qe8 14. Qc2 Qf7 15.
Nd2 Nd4 16. Qd1 Rad8 17. a4 c5 18. Nb5 a6 19. Nxd4 cxd4 20. b3 Nd5 21. Ba3 Nc3
22. Qe1 Rfe8 23. Nc4 Qc7 24. Bb4 e4 25. Qd2 e3 26. fxe3 Bxc4 27. bxc4 Rxe3 28.
Bxc3 dxc3 29. Qc2 Rde8 30. Bf3 Bd4 31. Kh1 Kg7 32. a5 bxa5 33. Rfb1 R8e7 34. Rb7
Qc5 35. Rxe7+ Rxe7 36. Rb1 Qe5 37. Qc1 a4 38. Ra1 g5 39. e4 fxe4 40. Bxe4 Rf7
41. Rxa4 Qf6 42. Ra2 g4 43. Kg2 a5 44. Qd1 Qg5 45. Re2 a4 46. Ra2 h5 47. Qxa4
Qe3 48. Qd1 Rf2+ 49. Rxf2 Qxf2+ 50. Kh1 c2 51. Qc1 Qe2 52. Qg5+ Kf7 53. Qg6+ Ke7
54. Qg5+ Bf6 55. Qc5+ Kf7 56. Qc7+ Kf8 57. Qd6+ Kf7 58. Qd7+ Be7 59. Qf5+ Bf6
60. Qd7+ Be7 61. Qf5+ Bf6 62. Qd7+ Be7 1/2-1/2

[Event "European Blitz 2022"]
[Site "Katowice POL"]
[Date "2022.12.16"]
[Round "17.13"]
[White "Santos Latasa, Jaime"]
[Black "Szpar, Milosz"]
[Result "1-0"]
[WhiteTitle "GM"]
[BlackTitle "IM"]
[WhiteElo "2668"]
[BlackElo "2428"]
[WhiteFideId "2293307"]
[BlackFideId "1184989"]
[EventDate "2022.12.16"]

1. Nf3 Nf6 2. c4 e6 3. g3 d5 4. Bg2 d4 5. O-O c5 6. d3 Nc6 7. e3 Be7 8. exd4
cxd4 9. Re1 O-O 10. Na3 Nd7 11. Bf4 f6 12. Rxe6 Nde5 13. Rxe5 fxe5 14. Nxe5 Nxe5
15. Bxe5 Bf6 16. Bf4 Bg5 17. Bxg5 Qxg5 18. Nb5 Bg4 19. Qf1 Qc5 20. h3 Bf3 21.
Re1 a6 22. Na3 Qb4 23. Bxf3 Rxf3 24. Qe2 Raf8 25. Rf1 Qd6 26. Nb1 Qg6 27. Nd2
Rxd3 28. Kg2 Re8 29. Qd1 Qh6 30. Re1 Kf7 31. Rxe8 Kxe8 32. Qe2+ Re3 33. fxe3
dxe3 34. Nf1 1-0

[Event "European Blitz 2022"]
[Site "Katowice POL"]
[Date "2022.12.16"]
[Round "17.14"]
[White "Samunenkov, Ihor"]
[Black "Yuffa, Daniil"]
[Result "0-1"]
[WhiteTitle "IM"]
[BlackTitle "GM"]
[WhiteElo "2488"]
[BlackElo "2587"]
[WhiteFideId "14187086"]
[BlackFideId "24131423"]
[EventDate "2022.12.16"]

1. d4 Nf6 2. c4 e6 3. Nf3 Bb4+ 4. Bd2 Qe7 5. g3 Bxd2+ 6. Nbxd2 O-O 7. Bg2 d6 8.
O-O e5 9. e3 Bg4 10. Qc2 c6 11. h3 Bxf3 12. Nxf3 Nbd7 13. b4 e4 14. Nd2 d5 15.
b5 cxb5 16. cxd5 Rfe8 17. Qc7 Nb6 18. Qxe7 Rxe7 19. d6 Re6 20. Rfc1 Rb8 21. Rc5
a6 22. Re5 Rxd6 23. Nxe4 Nxe4 24. Bxe4 Rd7 25. Rc5 Na4 26. Rc2 g6 27. a3 Nb6 28.
Bd3 Rc8 29. Rac1 Rxc2 30. Rxc2 f5 31. Kg2 Nd5 32. g4 b4 33. axb4 Nxb4 34. Bc4+
Kg7 35. Rb2 a5 36. gxf5 gxf5 37. Kf3 Kf6 38. Ke2 Rc7 39. Bg8 h6 40. f3 Rg7 0-1

[Event "European Blitz 2022"]
[Site "Katowice POL"]
[Date "2022.12.16"]
[Round "17.15"]
[White "Manik, Mikulas"]
[Black "Oleksiyenko, Mykhaylo"]
[Result "0-1"]
[WhiteTitle "GM"]
[BlackTitle "GM"]
[WhiteElo "2359"]
[BlackElo "2594"]
[WhiteFideId "14900734"]
[BlackFideId "4152417"]
[EventDate "2022.12.16"]

1. e4 e5 2. Nf3 Nc6 3. Bb5 Nf6 4. O-O Nxe4 5. Re1 Nd6 6. Nxe5 Be7 7. Bf1 O-O 8.
d4 Nf5 9. c3 Nxe5 10. Rxe5 d6 11. Re1 d5 12. Bf4 Bd6 13. Qf3 c6 14. Nd2 Bxf4 15.
Qxf4 Qd6 16. Qxd6 Nxd6 17. Bd3 Bd7 18. Re7 Be6 19. Re1 Rfc8 20. Nf3 Kf8 21.
R1xe6 fxe6 22. Rxe6 Re8 23. Rxd6 Ke7 24. Rxc6 bxc6 25. Bxh7 Rab8 26. b3 a5 27.
Kf1 Kd6 28. Bg6 Re6 29. Bc2 c5 30. dxc5+ Kxc5 31. a3 Rbe8 32. Bd3 Kd6 33. g3 Rc8
34. Nd4 Rf6 35. h4 Ke7 36. c4 dxc4 37. Bxc4 Rb6 38. a4 Rb4 39. Nf5+ Kf6 40. Ne3
Ke5 41. Ke2 Rcb8 42. h5 R4b7 43. Kd2 Kf6 44. Kc3 Kg5 45. f4+ Kxh5 46. Be2+ Kg6
47. Bd3+ Kf7 48. Bc4+ Kf8 49. Nf5 Rb6 50. Ne3 Rg6 51. g4 Re8 52. Kd4 Rxe3 53.
Kxe3 Rxg4 54. Be6 Rg3+ 55. Kd4 Rf3 56. Ke4 Rf2 57. f5 Ke7 58. Kd4 Kd6 59. Kc4 g5
60. Kb5 g4 61. Bc8 g3 62. Bb7 Rxf5+ 63. Kb6 Rd5 0-1

[Event "European Blitz 2022"]
[Site "Katowice POL"]
[Date "2022.12.16"]
[Round "17.16"]
[White "Kyc, Jerzy"]
[Black "Dragnev, Valentin"]
[Result "0-1"]
[BlackTitle "GM"]
[WhiteElo "2230"]
[BlackElo "2556"]
[WhiteFideId "1163922"]
[BlackFideId "1634852"]
[EventDate "2022.12.16"]

1. e4 c6 2. d4 d5 3. exd5 cxd5 4. c4 Nf6 5. Nc3 Nc6 6. Bg5 Be6 7. Nf3 Qa5 8. c5
Ne4 9. Bd2 Nxd2 10. Qxd2 Bg4 11. Be2 e6 12. O-O Be7 13. a3 Bxf3 14. Bxf3 Bf6 15.
b4 Qd8 16. Ne2 O-O 17. Rfd1 Ne7 18. Ng3 g6 19. a4 b6 20. Rac1 bxc5 21. Rxc5 Qd6
22. Rdc1 Kg7 23. b5 a6 24. Ne2 axb5 25. axb5 h6 26. Qc3 Rfb8 27. g3 Ra4 28. Bg4
Rba8 29. Bh3 Ra3 30. Qd2 Bg5 31. f4 Bf6 32. R1c3 Ra2 33. Rc2 R2a4 34. Qe3 Qb6
35. Kg2 Rb4 36. g4 Kg8 37. g5 Bg7 38. Rc7 Qd6 39. R7c5 Rb8 40. Qd3 Qb6 41. gxh6
Bxh6 42. Rc7 Bf8 43. Qg3 Rxb5 44. Qg5 Qd6 45. Bg4 Rb2 46. h4 Rxc2 47. Rxc2 Rc8
48. Rxc8 Nxc8 49. h5 Be7 50. Qh6 Bf8 51. Qg5 Ne7 52. Ng3 Bg7 53. hxg6 fxg6 54.
Bh3 Bxd4 55. Ne2 Bg7 56. Bg4 Kf7 57. Bf3 Nf5 58. Kh2 d4 59. Be4 d3 60. Nc3 Bxc3 0-1